| 000 | 00720nam a2200193 i 4500 | ||
|---|---|---|---|
| 001 | 128442 | ||
| 003 | ES-MaACL | ||
| 005 | 20251015063128.0 | ||
| 007 | t| | ||
| 008 | 070511m19021907fr ||||1| fre d | ||
| 080 | _a840-6"18" | ||
| 100 | 1 |
_aTaine, Hippolyte, _d1828-1893 _9109085 |
|
| 245 | 1 | 0 |
_aSa vie et sa correspondance / _cHippolyte Taine. |
| 260 |
_aParis : _bLahure, _c[entre 1902 y 1907] |
||
| 300 |
_a4 v. ; _c19 cm. |
||
| 505 | 8 | _aContiene: v. 1.-- Correspondance de jeunesse, 1847-1853. v. 2.-- Le critique et le philosophe, 1853-1870 v. 3.-- L'historien (1870-1875). v. 4.--L'historien (suite). Les dernières années (1876-1893) | |
| 852 |
_aES-MaACL _jF-11604-07 |
||
| 999 |
_c128442 _d128442 |
||